000 00543nam a2200217 a 4500
001 BS0001153
003 BR-BrBNA
005 20231025151504.0
008 230308b |||||||| |||| 00| 0 por d
040 _aBR-BrBNA
_bpor
_cBiblioteca Nacional de Agricultura
041 _apor
072 _aS89
090 _aS89
_bBS0001153
100 1 _aDunkle, Margaret.
245 1 _aEcologia /
260 3 _aSão Paulo:
_bGlobal,
_c1999.
300 _a37 p.
650 _aLITERATURA INFANTO-JUVENIL
650 _aRECURSOS NATURAIS
942 _cBK
_2AGRIS
999 _c6210
_d6210